000 01350nam a2200229 a 4500
008 190820s2012 ||||||||||||||||| || u
020 _a9788122433791
050 _aTA 403 Dug
100 _aDuggal, S K
245 1 0 _aBuilding materials. (4th edition)
_cBy S K Duggal
250 _a4th edition
260 _aNew Delhi
_bNew Age International
_c2012
260 _aNew Delhi
_bNew Age International (P) Limited, Publishers
_c2012
300 _axviii, 594 pages [various plates] : illustrations
350 _a22.85
650 _aBUILDING MATERIALS
995 _aMAIN LIBRARY OPEN ACCESS
_D21.47
_e749664
_FCBU-MAIN LIBRARY (Kitwe)
_jTA 403 Dug
_M2
_UAVAILABLE
_WAug 21, 2019
_y749664
_ZMain Library Open Access Collection
995 _aMAIN LIBRARY OPEN ACCESS
_D21.47
_e749666
_FCBU-MAIN LIBRARY (Kitwe)
_jTA 403 Dug
_M4
_UAVAILABLE
_WAug 21, 2019
_y749666
_ZMain Library Open Access Collection
995 _aMAIN LIBRARY OPEN ACCESS
_D21.47
_e749665
_FCBU-MAIN LIBRARY (Kitwe)
_jTA 403 Dug
_M3
_UAVAILABLE
_WAug 21, 2019
_y749665
_ZMain Library Open Access Collection
995 _aSHORT LOAN BOOKS
_e750102
_FCBU-MAIN LIBRARY (Kitwe)
_I22.85
_jTA 403 Dug
_M5
_UAVAILABLE
_WNov 27, 2019
_y750102
_ZShort Loan Collection
995 _aMAIN LIBRARY OPEN ACCESS
_D21.47
_e749663
_FCBU-MAIN LIBRARY (Kitwe)
_jTA 403 Dug
_M1
_UOUT
_WAug 21, 2019
_y749663
_ZMain Library Open Access Collection
999 _c77816
_d77816